Biblioteca

Crónicas de Narnia (Registro nro. 42275)

Detalles MARC
000 -LÍDER
Campo fijo de descripción fija 00907aam a2200289 i 4500
001 - NÚMERO DE CONTROL
Campo de control 768714001
003 - IDENTIFICADOR DEL NÚMERO DE CONTROL
Campo de control CO-MdFUSB
005 - FECHA Y HORA DE LA ULTIMA TRANSACCIÓN
control field 20250421120301.0
007 - CAMPO FIJO DE DESCRIPCIÓN FIJA--INFORMACIÓN GENERAL
Campo fijo de descripción fija ta
008 - ELEMENTOS DE LONGITUD FIJA -- INFORMACIÓN GENERAL
Campo fijo de descripción fija -- Información general 250421t19771978-usa|||| |||| 00| 0 spa d
040 ## - FUENTE DE CATALOGACIÓN
Agencia que realiza la transcripción CO-MdFUSB
041 0# - CÓDIGO DE IDIOMA
Código de idioma para texto/pista de sonido o título separado spa
082 04 - NÚMERO DE CLASIFICACIÓN DECIMAL DEWEY
Número de la edición del Dewey 23
Número de clasificación 891.623
Clave de autor-Numero de item L6731
100 1# - ASIENTO PRINCIPAL--NOMBRE PERSONAL
Nombre personal Lewis, C. S. (Clive Staples) (1898-1963)
Término relacionador autor
245 10 - TÍTULO
Título del Material Crónicas de Narnia
Mención de responsabilidad, etc. / C. S. Lewis ; traducido por Julio C. Orozco
264 #1 - PRODUCCIÓN, PUBLICACIÓN, DISTRIBUCIÓN, MANUFACTURA, Y COPYRIGHT
Nombre del productor, publicador, distribuidor Caribe,
Lugar de producción, publicación, distribución, manufactura Miami, Florida, USA :
Fecha de producción, publicación, distribución, manufactura, o copyright [1977-1978]
264 #4 - PRODUCCIÓN, PUBLICACIÓN, DISTRIBUCIÓN, MANUFACTURA, Y COPYRIGHT
Fecha de producción, publicación, distribución, manufactura, o copyright ©1977-1978
300 ## - DESCRIPCIÓN FÍSICA
Extensión 3 volúmenes
336 ## - TIPO DE CONTENIDO
Fuente rdacontent
Término de tipo de contenido texto
Código de tipo de contenido txt
337 ## - TIPO DE MEDIO
Fuente rdamedia
Nombre del tipo de medio sin mediación
Código del tipo de medio n
338 ## - TIPO DE SOPORTE
Fuente rdacarrier
Nombre del tipo de soporte volumen
Código Tipo de soporte nc
505 ## - NOTA DE CONTENIDO
Nota de contenido con formato preestablecido Tomo 1: El león, la bruja y el guardarropa Tomo 3: El viaje del "Aurora" Tomo 4: La silla de plata
653 ## - TÉRMINO DE INDIZACIÓN - NO CONTROLADO
Término no controlado Literatura
700 ## - ASIENTO SECUNDARIO - NOMBRE PERSONAL
Nombre personal Orozco O., Julio C.,
9 (RLIN) 11153
Responsabilidad traductor
942 ## - TIPO DE MATERIAL (KOHA)
Tipo de Item KOHA Libros General
945 ## - INFORMACIÓN LOCAL DEL REGISTRO
Catalogador JTF-925
Existencias
Estado de Material Estado de Perdido Forma de Clasificación Estado de Dañado No para Préstamo Colección Tomo Biblioteca de Origen Biblioteca Permanente Fecha de Adquisición Área Total de Préstamos Signatura Topográfica Código de Barras Última vez visto Ejemplar/Existencia Fecha de Remplazo Tipo de Material
    Dewey Decimal Classification     Colección General 1 Biblioteca FUSBC Biblioteca FUSBC 28/10/2005 LITERATURA   G 891.623 L6731cr 11160 12/12/2019 Vol. 1, ej. 1 26/01/2016 Libros General
    Dewey Decimal Classification     Colección General 4 Biblioteca FUSBC Biblioteca FUSBC 28/10/2005 LITERATURA   G 891.623 L6731cr 11254 12/12/2019 Vol. 4, ej. 1 26/01/2016 Libros General
    Dewey Decimal Classification     Colección General 3 Biblioteca FUSBC Biblioteca FUSBC 28/10/2005 LITERATURA   G 891.623 L6731cr 11162 12/12/2019 Vol. 3, ej. 1 26/01/2016 Libros General

Biblioteca FUSBC | Teléfono: (57+4) 349 88 10 Ext. 141| WhatsApp (+57) 3005338115 
E-mail: biblioteca@unisbc.edu.co | Calle 76 87-14 Robledo Palenque, Medellín, Colombia

Con tecnología Koha